<?xml version="1.0" encoding="UTF-8"?>
<record
    xmlns:xsi="http://www.w3.org/2001/XMLSchema-instance"
    xsi:schemaLocation="http://www.loc.gov/MARC21/slim http://www.loc.gov/standards/marcxml/schema/MARC21slim.xsd"
    xmlns="http://www.loc.gov/MARC21/slim">

  <leader>01136nam a22002777a 4500</leader>
  <controlfield tag="001">1110</controlfield>
  <controlfield tag="005">20250901161741.0</controlfield>
  <datafield tag="020" ind1=" " ind2=" ">
    <subfield code="a">9789996305962</subfield>
  </datafield>
  <datafield tag="040" ind1=" " ind2=" ">
    <subfield code="a">FISKH </subfield>
    <subfield code="b">eng </subfield>
    <subfield code="c">FISKH </subfield>
    <subfield code="d">FISKH </subfield>
  </datafield>
  <datafield tag="082" ind1=" " ind2=" ">
    <subfield code="a">635.9</subfield>
  </datafield>
  <datafield tag="100" ind1=" " ind2=" ">
    <subfield code="a">Vanthary, Oum </subfield>
  </datafield>
  <datafield tag="245" ind1=" " ind2=" ">
    <subfield code="a">&#x1794;&#x1793;&#x17D2;&#x179B;&#x17C2;&#x178A;&#x17C2;&#x179B;&#x1781;&#x17D2;&#x1789;&#x17BB;&#x17C6;&#x1785;&#x17BC;&#x179B;&#x1785;&#x17B7;&#x178F;&#x17D2;&#x178F; /</subfield>
  </datafield>
  <datafield tag="246" ind1=" " ind2=" ">
    <subfield code="a">My favorite vegetables</subfield>
  </datafield>
  <datafield tag="250" ind1=" " ind2=" ">
    <subfield code="a">7th Printing January, 2023. </subfield>
  </datafield>
  <datafield tag="260" ind1=" " ind2=" ">
    <subfield code="a">Phnom Penh : </subfield>
    <subfield code="b">Sipar, </subfield>
    <subfield code="c">2023. </subfield>
  </datafield>
  <datafield tag="300" ind1=" " ind2=" ">
    <subfield code="a">12 unnumbered pages : </subfield>
    <subfield code="b">Color illustrations ; </subfield>
    <subfield code="c">17 cm. </subfield>
  </datafield>
  <datafield tag="505" ind1=" " ind2=" ">
    <subfield code="a">aa</subfield>
  </datafield>
  <datafield tag="520" ind1=" " ind2=" ">
    <subfield code="a">&#x179F;&#x17C0;&#x179C;&#x1797;&#x17C5;&#x179A;&#x17BC;&#x1794;&#x1797;&#x17B6;&#x1796;&#x1793;&#x17C1;&#x17C7;&#x178E;&#x17C2;&#x1793;&#x17B6;&#x17C6;&#x1780;&#x17BB;&#x1798;&#x17B6;&#x179A;&#x178F;&#x17BC;&#x1785;&#x1794;&#x17B6;&#x1793;&#x179F;&#x17D2;&#x1782;&#x17B6;&#x179B;&#x17CB;&#x1796;&#x17B8;&#x1788;&#x17D2;&#x1798;&#x17C4;&#x17C7;&#x1794;&#x1793;&#x17D2;&#x179B;&#x17C2;&#x178A;&#x17C2;&#x179B;&#x1796;&#x17BD;&#x1780;&#x1782;&#x17C1;&#x1794;&#x17B6;&#x1793;&#x1789;&#x17C9;&#x17B6;&#x17C6;&#x1787;&#x17B6;&#x179A;&#x17C0;&#x1784;&#x179A;&#x17B6;&#x179B;&#x17CB;&#x1790;&#x17D2;&#x1784;&#x17C3;&#x17D4; </subfield>
  </datafield>
  <datafield tag="520" ind1=" " ind2=" ">
    <subfield code="a">This book introduces small kids to everyday vegetable names.</subfield>
  </datafield>
  <datafield tag="521" ind1=" " ind2=" ">
    <subfield code="a">10
</subfield>
    <subfield code="b">Lexile estimate </subfield>
  </datafield>
  <datafield tag="521" ind1=" " ind2=" ">
    <subfield code="a">aa
</subfield>
    <subfield code="b">Raz-Plus 
</subfield>
  </datafield>
  <datafield tag="650" ind1=" " ind2=" ">
    <subfield code="v">&#x1794;&#x1793;&#x17D2;&#x179B;&#x17C2; </subfield>
    <subfield code="x">&#x1796;&#x17B6;&#x1780;&#x17D2;&#x1799;&#x1798;&#x17BC;&#x179B;&#x178A;&#x17D2;&#x178B;&#x17B6;&#x1793;</subfield>
    <subfield code="2">&#x179A;&#x17BC;&#x1794;&#x1797;&#x17B6;&#x1796;</subfield>
  </datafield>
  <datafield tag="650" ind1=" " ind2=" ">
    <subfield code="v">Basic vocabulary</subfield>
    <subfield code="x">Vegetables</subfield>
    <subfield code="2">Pictures</subfield>
  </datafield>
  <datafield tag="700" ind1=" " ind2=" ">
    <subfield code="a">Sarith, Huot </subfield>
  </datafield>
  <datafield tag="942" ind1=" " ind2=" ">
    <subfield code="2">ddc</subfield>
    <subfield code="c">BK</subfield>
    <subfield code="n">0</subfield>
  </datafield>
  <datafield tag="999" ind1=" " ind2=" ">
    <subfield code="c">1110</subfield>
    <subfield code="d">1110</subfield>
  </datafield>
  <datafield tag="952" ind1=" " ind2=" ">
    <subfield code="0">0</subfield>
    <subfield code="1">0</subfield>
    <subfield code="2">ddc</subfield>
    <subfield code="4">0</subfield>
    <subfield code="7">0</subfield>
    <subfield code="8">Khmer-English Bilingual </subfield>
    <subfield code="a">001</subfield>
    <subfield code="b">001</subfield>
    <subfield code="c">KHRS</subfield>
    <subfield code="d">2023-07-31</subfield>
    <subfield code="l">0</subfield>
    <subfield code="o">VAN 635.9</subfield>
    <subfield code="p">2023-0158</subfield>
    <subfield code="r">2023-07-31 15:36:49</subfield>
    <subfield code="t">1</subfield>
    <subfield code="w">2023-07-31</subfield>
    <subfield code="y">KHB</subfield>
  </datafield>
  <datafield tag="952" ind1=" " ind2=" ">
    <subfield code="0">0</subfield>
    <subfield code="1">0</subfield>
    <subfield code="2">ddc</subfield>
    <subfield code="4">0</subfield>
    <subfield code="7">0</subfield>
    <subfield code="8">Khmer-English Bilingual </subfield>
    <subfield code="a">001</subfield>
    <subfield code="b">001</subfield>
    <subfield code="c">KHRS</subfield>
    <subfield code="d">2023-07-31</subfield>
    <subfield code="l">1</subfield>
    <subfield code="o">VAN 635.9</subfield>
    <subfield code="p">2023-0163</subfield>
    <subfield code="q">2025-11-27</subfield>
    <subfield code="r">2025-11-13 15:02:45</subfield>
    <subfield code="s">2025-11-13</subfield>
    <subfield code="t">2</subfield>
    <subfield code="w">2023-07-31</subfield>
    <subfield code="y">KHB</subfield>
  </datafield>
  <datafield tag="952" ind1=" " ind2=" ">
    <subfield code="0">0</subfield>
    <subfield code="1">0</subfield>
    <subfield code="2">ddc</subfield>
    <subfield code="4">0</subfield>
    <subfield code="7">0</subfield>
    <subfield code="8">Khmer-English Bilingual </subfield>
    <subfield code="a">001</subfield>
    <subfield code="b">001</subfield>
    <subfield code="c">OKHR</subfield>
    <subfield code="d">2024-03-07</subfield>
    <subfield code="l">0</subfield>
    <subfield code="o">VAN 635.9</subfield>
    <subfield code="p">FISTKKA122</subfield>
    <subfield code="r">2024-03-07 14:21:03</subfield>
    <subfield code="t">3</subfield>
    <subfield code="w">2024-03-07</subfield>
    <subfield code="y">KHB</subfield>
  </datafield>
  <datafield tag="952" ind1=" " ind2=" ">
    <subfield code="0">0</subfield>
    <subfield code="1">0</subfield>
    <subfield code="2">ddc</subfield>
    <subfield code="4">0</subfield>
    <subfield code="7">0</subfield>
    <subfield code="8">Khmer-English Bilingual </subfield>
    <subfield code="a">001</subfield>
    <subfield code="b">001</subfield>
    <subfield code="c">OKHR</subfield>
    <subfield code="d">2024-03-07</subfield>
    <subfield code="l">0</subfield>
    <subfield code="o">VAN 635.9</subfield>
    <subfield code="p">2024-0288</subfield>
    <subfield code="r">2024-03-07 15:29:28</subfield>
    <subfield code="t">4</subfield>
    <subfield code="w">2024-03-07</subfield>
    <subfield code="y">KHB</subfield>
  </datafield>
  <datafield tag="952" ind1=" " ind2=" ">
    <subfield code="0">0</subfield>
    <subfield code="1">0</subfield>
    <subfield code="2">ddc</subfield>
    <subfield code="4">0</subfield>
    <subfield code="7">0</subfield>
    <subfield code="8">Khmer-English Bilingual </subfield>
    <subfield code="a">001</subfield>
    <subfield code="b">001</subfield>
    <subfield code="c">OKHR</subfield>
    <subfield code="d">2024-03-07</subfield>
    <subfield code="l">2</subfield>
    <subfield code="o">VAN 635.9</subfield>
    <subfield code="p">FISTKKB107</subfield>
    <subfield code="r">2026-01-05 11:12:55</subfield>
    <subfield code="s">2025-11-10</subfield>
    <subfield code="t">5</subfield>
    <subfield code="w">2024-03-07</subfield>
    <subfield code="y">KHB</subfield>
  </datafield>
  <datafield tag="952" ind1=" " ind2=" ">
    <subfield code="0">0</subfield>
    <subfield code="1">0</subfield>
    <subfield code="2">ddc</subfield>
    <subfield code="4">0</subfield>
    <subfield code="7">0</subfield>
    <subfield code="8">Khmer-English Bilingual </subfield>
    <subfield code="a">001</subfield>
    <subfield code="b">001</subfield>
    <subfield code="c">OKHR</subfield>
    <subfield code="d">2024-03-07</subfield>
    <subfield code="l">2</subfield>
    <subfield code="o">VAN 635.9</subfield>
    <subfield code="p">FISBK072233</subfield>
    <subfield code="r">2025-09-29 10:19:25</subfield>
    <subfield code="s">2025-06-30</subfield>
    <subfield code="t">6</subfield>
    <subfield code="w">2024-03-07</subfield>
    <subfield code="y">KHB</subfield>
  </datafield>
  <datafield tag="952" ind1=" " ind2=" ">
    <subfield code="0">0</subfield>
    <subfield code="1">0</subfield>
    <subfield code="2">ddc</subfield>
    <subfield code="4">0</subfield>
    <subfield code="7">0</subfield>
    <subfield code="8">Khmer-English Bilingual </subfield>
    <subfield code="a">002</subfield>
    <subfield code="b">002</subfield>
    <subfield code="c">TTP Khmer</subfield>
    <subfield code="d">2024-03-07</subfield>
    <subfield code="l">0</subfield>
    <subfield code="o">VAN 635.9</subfield>
    <subfield code="p">2024-0294</subfield>
    <subfield code="r">2024-03-07 16:00:03</subfield>
    <subfield code="t">7</subfield>
    <subfield code="w">2024-03-07</subfield>
    <subfield code="y">KHB</subfield>
  </datafield>
  <datafield tag="952" ind1=" " ind2=" ">
    <subfield code="0">0</subfield>
    <subfield code="1">0</subfield>
    <subfield code="2">ddc</subfield>
    <subfield code="4">0</subfield>
    <subfield code="7">0</subfield>
    <subfield code="8">Khmer-English Bilingual </subfield>
    <subfield code="a">001</subfield>
    <subfield code="b">001</subfield>
    <subfield code="c">OKHR</subfield>
    <subfield code="d">2024-03-15</subfield>
    <subfield code="l">1</subfield>
    <subfield code="o">VAN 635.9</subfield>
    <subfield code="p">2024-0338</subfield>
    <subfield code="r">2025-08-29 14:41:48</subfield>
    <subfield code="s">2025-08-07</subfield>
    <subfield code="t">8</subfield>
    <subfield code="w">2024-03-15</subfield>
    <subfield code="y">KHB</subfield>
  </datafield>
  <datafield tag="952" ind1=" " ind2=" ">
    <subfield code="0">0</subfield>
    <subfield code="1">0</subfield>
    <subfield code="2">ddc</subfield>
    <subfield code="4">0</subfield>
    <subfield code="7">0</subfield>
    <subfield code="8">Khmer-English Bilingual </subfield>
    <subfield code="a">001</subfield>
    <subfield code="b">001</subfield>
    <subfield code="c">OKHR</subfield>
    <subfield code="d">2024-06-27</subfield>
    <subfield code="l">0</subfield>
    <subfield code="o">VAN 635.9</subfield>
    <subfield code="p">FISTKG1B053</subfield>
    <subfield code="r">2024-06-27 14:18:32</subfield>
    <subfield code="t">9</subfield>
    <subfield code="w">2024-06-27</subfield>
    <subfield code="y">KHB</subfield>
  </datafield>
</record>
